| 000 | 00945nam a22002417a 4500 | ||
|---|---|---|---|
| 005 | 20170419110444.0 | ||
| 010 | _a1617CH-EN | ||
| 020 |
_a9780753436677 _c150.00 |
||
| 035 | _aB-647036-057 | ||
| 035 | _aB-667900 | ||
| 037 |
_bTechniz/ven _adpl |
||
| 082 | _aS | ||
| 100 | _aLlewellyn, Claire | ||
| 245 |
_aIn the rainforest / _cby Claire Llewellyn |
||
| 260 |
_aLondon _bKingfisher Publications _c2014 |
||
| 270 |
_a 20,New Wharf Road, _bLondon _eN19RR |
||
| 300 |
_a32 p. _bcol. ill. _c23 cm.(pbk) |
||
| 490 | _aKIngfisher Readers level 2 | ||
| 856 | _3Publisher description | ||
| 942 |
_2ddc _cCH _hS _mLLE |
||
| 999 |
_c100500 _d100500 |
||